000 01337nam a2200337 i 4500
003 EG-GICUC
005 20260121101721.0
008 260112s1993 ua k|||fr|||| 00| 0 ara d
017 _a93/7375
020 _a9770410144
040 _a EG-GICUC
_bara
_c EG-GICUC
_d EG-GICUC
_erda
041 0 _aara
082 0 4 _a343.425
_bم د . أ
_221
092 0 4 _221
099 _aLaw1 10 343.425 م د . أ 1993 1006341
100 0 _aمدحت رمضان.
_eمؤلف.
245 1 2 _aالأساس القانوني للمسئولية الجنائية لرئيس التحرير عن الجرائم التي تقع بطريق الصحف :
_bدراسة مقارنة /
_cالدكتور مدحت رمضان.
264 1 _aالقاهرة :
_bدار النهضة العربية،
_c1993.
300 _a114 صفحة :
_bإيضاحيات؛
_c24 سم.
336 _2rda content
_atext
337 _2rda media
_aComputer
338 _2rda carrier
_aOnline Resource
504 _aيشتمل على ارجاعات ببليوجرافية.
546 _aالنص باللغة العربية
650 1 4 _aالتشريعات المتعلقة بالصحافة.
_2qrmak
650 1 4 _aالقانون الجنائي.
_2qrmak
651 1 _2qrmak
856 4 0 _uhttps://fll.law.cu.edu.eg/fulltext/bks/B10-06341.pdf
905 _a18
942 _2ddc
_cBK
_e21
_n0
999 _c56647
_d56647